000 00688cab a2200253 4500
001 WB3310-35
008 090401t1997 xxu||||| |||| 00| 0 eng d
035 _a(Sirsi) u77764
041 _aeng
245 _aZambia
260 _c1997
350 _a0
490 _aFinancial Times
_v4 March 1997
520 _aA survey of Zambia including the economy, a profile of the president, the copper industry, agriculture, tourism and manufacturing.
650 _aAGRICULTURE
650 _aCOPPER INDUSTRY
650 _aOVERSEAS
650 _aSTOCK EXCHANGE
650 _aTOURISM
650 _aZAMBIA
690 _aOVERSEAS-REST OF THE WORLD
942 _n0
948 _c17/04/1997
999 _c48883
_d48883